| 000 | 00479nam a2200169 a 4500 | ||
|---|---|---|---|
| 005 | 20140310183144.0 | ||
| 008 | 020821s19uu xx 00 eng d | ||
| 050 |
_aGV 481 _b.W23 2000 |
||
| 100 | _aWalter, Claire | ||
| 245 |
_aThe complete idiots guide to fitness / _cClaire Walter. |
||
| 260 |
_aIndianapolis, IN : _bAlpha Books, _c2000. |
||
| 300 |
_axix, 388 p. : _bill. ; _c23 cm. |
||
| 521 | _aNUR | ||
| 650 | _aPhysical fitness | ||
| 942 |
_cBK _2lcc _kFOR |
||
| 999 |
_c19480 _d19480 |
||